| 000 | 00408nam a2200145Ia 4500 | ||
|---|---|---|---|
| 008 | 230917s9999||||xx |||||||||||||| ||und|| | ||
| 040 |
_e131196 _aMAIN |
||
| 041 | _aEnglish | ||
| 082 | _a658 C266C | ||
| 100 | _aICFAI Center for Management Research | ||
| 245 | 0 | _aCase studies in services marketing. VI | |
| 260 |
_aHyderbad _bICFAI Center for Management Research _c2006 |
||
| 300 | _a225 p. | ||
| 942 | _cBK | ||
| 999 |
_c139790 _d139790 |
||